| 000 | 00968cam a22002651 4500 | ||
|---|---|---|---|
| 001 | gs 48000353 | ||
| 003 | DLC | ||
| 005 | 20260227111354.0 | ||
| 008 | 761116s1947 txu 000 0 eng | ||
| 010 | _ags 48000353 | ||
| 035 | _a(OCoLC)2560501 | ||
| 040 |
_aDLC _cTx _dOCoLC _dDLC |
||
| 042 | _apremarc | ||
| 050 | 0 | 0 |
_aGB1025.T4 _bA5 1947b |
| 110 | 2 | _aTexas Water Commission. | |
| 245 | 1 | 0 |
_aGeology and ground water resources of Caldwell County, Texas, _cby W. C. Rasmussen. Prepared in cooperation with the United States Dept. of the Interior, Geological Survey. |
| 260 |
_a[Austin] _c1947. |
||
| 300 |
_a59 p. _bplate, fold. map. _c27 cm. |
||
| 500 | _aU.S. Geological Survey. Library. for Library of Congress. | ||
| 650 | 0 |
_aGeology _zTexas _zCaldwell County. |
|
| 650 | 0 |
_aGroundwater _zTexas _zCaldwell County. |
|
| 650 | 0 |
_aWater-supply _zTexas _zCaldwell County. |
|
| 700 | 1 |
_aRasmussen, William Charles, _d1917- |
|
| 710 | 2 | _aGeological Survey (U.S.) | |
| 999 |
_c28309 _d28309 |
||